Opening track from every Lana Del Rey Album - Statistics

General Stats
  • This quiz has been taken 78 times
  • The average score is 6 of 9
Answer Stats
Album Answer % Correct
Born To Die Born To Die
97%
Ultraviolence Cruel World
90%
Honeymoon Honeymoon
84%
Lust For Life Love
82%
Paradise Ride
79%
Did you know that there's a tunnel under Ocean Blvd The Grants
57%
Chemtrails Over The Country Club White Dress
57%
Blue Banisters Text Book
54%
Norman F*cking Rockwell! Norman f*cking Rockwell!
46%
No matching quizzes found
Score Distribution
Percent of People with Each Score
Percentile by Number Answered
Your Score History
You have not taken this quiz